Les Sept Péchés Capitaux - Statistiques

Statistiques générales
  • Ce quiz a été pris 358 fois
    349 depuis la dernière actualisation
  • Le résultat moyen est 5 sur 7
Statistiques - réponses
Les sept péchés capitaux % Correct
Gourmandise
88%
Luxure
81%
Avarice
75%
Colère
74%
Orgueil
68%
Paresse
68%
Envie
64%
Aucun quiz correspondant
Distribution des résultats
% des personnes avec chaque résultat
Percentile par nombre de réponses
Votre historique - résultats
Vous n’avez pas pris ce quiz depuis la dernière actualisation